Mixed Word: Countries IV Quiz Stats

 Plays Quiz Updated Jul 13, 2012

     
Support Sporcle.
Go Orange.
Score 0/11 Timer 03:00
1 Play Today
Scrambled Country Unscrambled Country % Correct
NDCAAACanad[a]
98.7%
OCCOMROMo[r]occo
96.4%
DALEGNABSH[B]angladesh
96.3%
GTSAHFIANANAfghani[s]tan
92.3%
YMGANREG[e]rmany
86.2%
OWRANYNo[r]way
80.8%
LZSETRDWINA[S]witzerland
68.5%
TENLICESIENTHLiecht[e]nstein
48.2%
TLAIASUARAus[t]ralia
46.6%
MARESUNISurinam[e]
42.9%
Bonus Capital -->
Spelled out in [ ]
Basseterre
29.3%

From the Vault

Click the NES Games

by arcer

Gaming 3m
We don't ever Nintend on switching consoles.
Remove Ads.
Support Sporcle.
Get the best of Sporcle when you Go Orange. This ad-free experience offers more features, more stats, and more fun while also helping to support Sporcle. Thank you for becoming a member.

Show Comments

Extras

Top Quizzes Today


Score Distribution

Your Account Isn't Verified!

In order to create a playlist on Sporcle, you need to verify the email address you used during registration. Go to your Sporcle Settings to finish the process.

Report this User

Report this user for behavior that violates our Community Guidelines.

Details: